[Event "EOBCC TOP16 2020"]
[Site "Online"]
[Date "2020.12.19"]
[Round "1.3"]
[White "Jones, Gawain C B"]
[Black "Deac, Bogdan-Daniel"]
[Result "0-1"]
[WhiteElo "2670"]
[BlackElo "2625"]
[Annotator "TA"]
[PlyCount "164"]
[EventDate "2020.12.18"]
[EventType "k.o."]
[EventCountry "NET"]
[SourceTitle "playchess.com"]
[Source "ChessBase"]
[SourceQuality "1"]

{[%evp 22,164,31,20,20,34,16,17,17,-67,-50,-105,-99,-111,-101,-97,-92,-137,-118,-111,-58,-156,-156,-156,-149,-150,-154,-162,-43,-58,0,-38,0,-37,-33,-48,0,-20,0,0,0,0,0,0,0,0,0,0,0,0,0,0,0,-40,-48,-30,-40,-137,-137,-131,-129,-124,-116,-122,-129,-123,-118,-173,-173,-170,-31,-516,-473,-5106,-566,-778,-466,-416,0,-690,-669,-29962,-1283,-29962,-29963,-29964,-29952,-29967,-29959,-9804,-5714,-29967,-29969,-29971,-29972,-29974,-29974,-29977,-29968,-29978,-29977,-29978,-29978,-29978,-29978,-29978,-29979,-29979,-29975,-29977,-29978,-29978,-29979,-29981,-29978,-29979,-29980,-29980,-29981,-29984,-29985,-29985,-29984,-29984,-29983,-29983,-29981,-29981,0,-29982,-29983,-29989,-29987,-29989,-29981,-29990,-29981,-29990,-29990,-29990,-29981,-29981,-29982,-29982,-29983]} 1. Nf3 {Moradiabadi,E} d5 2. g3 Nf6 3. Bg2 e6 4. O-O Be7 5. c4 O-O 6. b3 b6 7. Bb2 Bb7 8. cxd5 Nxd5 9. d4 Nd7 {[%cal Bb8d7,Bd7e5,Be5d3,Bd3e1][%mdl 32]} 10. Re1 N5f6 11. Nc3 c5 12. e4 cxd4 {A14: English Opening: 1...e6 with b3 by White.} 13. Nxd4 {aiming for e5.} Ne5 14. Qe2 Bc5 {[#] The position is equal.} 15. Rad1 $146 (15. Red1 $1 $11 Qe7 16. Na4) ({Predecessor:} 15. Red1 Qe7 16. Na4 Bxd4 17. Bxd4 Nc6 18. Be3 Rfd8 19. Nc3 Qb4 20. Qb2 Ng4 21. Bf4 {1-0 (45) So,W (2822)-Onischuk,A (2667) Saint Louis 2017 CBM 178 [Moradiabadi,E]}) 15... Bxd4 $15 16. Nb5 {[#]} ({White should play} 16. Na4 $1 $15) 16... Bxb2 $1 $17 {[%mdl 512]} 17. Rxd8 (17. Qxb2 Qb8) 17... Raxd8 18. Qxb2 Nd3 $1 $36 {[%csl LRb2,LRe1][%mdl 2112] Double Attack. Keeping White busy.} 19. Qe2 {Threatens to win with Ra1.} Nxe1 20. Qxe1 {[#]} a6 (20... Rd7 $1 $17 21. e5 Rfd8) 21. e5 (21. Nc3 $15) 21... Bxg2 22. Kxg2 axb5 23. exf6 gxf6 {[%mdl 4096] Endgame KQ-KRR} 24. Qe3 Rd6 ({Black should try} 24... Rd5 $19 25. a3 Ra8) 25. Qf4 $15 e5 (25... Rd5 $15) 26. Qg4+ $11 Kh8 27. Qb4 Rfd8 28. Qxb5 Kg7 29. a4 Rc8 30. Qb4 Rdc6 31. Qg4+ Kf8 32. Qh4 Kg7 33. Qg4+ Kf8 34. Qf5 Kg7 35. h4 Re6 36. Qg4+ Kf8 37. h5 h6 38. Qe4 {Threatening Qh7.} Kg7 39. b4 {[#]} (39. f3 $15) 39... Rd8 $1 $17 40. Qg4+ Kh8 41. Qc4 Rd4 42. Qc1 Kg7 43. Qc3 Red6 44. Kh3 (44. Qc7 $17 {keeps fighting.}) 44... Re4 $19 45. Qc7 Re6 (45... Rd2 $19 46. Qxb6 Rb2) 46. Qa7 $2 {[%mdl 8192]} (46. Qc3 $1 $15) 46... Rxb4 47. Qa8 (47. a5 $142 Ra4 48. a6) 47... Rd4 (47... e4 $142 48. a5 Ra4) 48. Kg2 Rc4 49. Qa6 Rd4 (49... Rb4 $142 50. a5 Ra4) 50. Qa8 $1 e4 51. Qa7 Rb4 (51... Rd2 $142 52. Kf1 e3 53. fxe3 Rxe3 54. Qxb6 Ra3 55. Qb1 Raa2 56. g4 Rh2 57. Kg1 Rag2+ {[%mdl 64] Double Attack} 58. Kf1 Rf2+ 59. Kg1 Rfg2+ {[%mdl 64] Double Attack} 60. Kf1 Rb2 61. Kg1 Rxb1+ 62. Kxh2 Ra1 63. a5 Rxa5 64. Kg2 f5 65. Kf3 fxg4+ 66. Kxg4 Kf6 67. Kf3 Kf5 68. Ke3 Rd5 69. Kf3 Re5 70. Kg3 Ke4 71. Kf2 Kf4 72. Kg2 Re2+ 73. Kf1 Kf3 74. Kg1 Ra2 75. Kh1 Kg3 76. Kg1 Ra1#) 52. Kh3 e3 53. fxe3 Rb3 54. Kh2 Rbxe3 55. Qc7 R3e5 56. Kg2 Rxh5 57. Qc2 Rg5 58. Qb3 h5 59. Kh3 Rge5 60. Kh4 Rd6 61. Qb2 {Cut Off at move 61} Rg5 62. Qc3 Re6 63. Qd3 Re1 {[%cal Re1h1]} 64. Kh3 Rh1+ 65. Kg2 Ra1 66. Qd4 Ra3 67. Qxb6 Rxa4 68. Kh3 Rag4 69. Kh2 Rxg3 70. Qd6 R3g4 {[%cal Rg4h4]} 71. Kh3 Rg1 72. Kh2 h4 73. Qd4 R1g2+ 74. Kh1 Rg1+ 75. Kh2 h3 {Black mates.} 76. Qf4 R1g2+ 77. Kxh3 {[#]} R5g3+ $1 78. Kh4 {[#]} (78. Qxg3+ Rxg3+) 78... Rg4+ $1 {[%mdl 64] Double Attack} 79. Kh5 (79. Qxg4+ Rxg4+) 79... Rg5+ 80. Kh4 {[#]} R2g4+ $1 81. Qxg4 Rxg4+ 82. Kxg4 Kg6 {Weighted Error Value: White=0.87/Black=0.69} 0-1

[Event "EOBCC TOP16 2020"]
[Site "Online"]
[Date "2020.12.19"]
[Round "1.3"]
[White "Shirov, Alexei"]
[Black "Demidov, Mikhail"]
[Result "1-0"]
[WhiteElo "2662"]
[BlackElo "2526"]
[Annotator "TA"]
[PlyCount "109"]
[EventDate "2020.12.18"]
[EventType "k.o."]
[EventCountry "NET"]
[SourceTitle "playchess.com"]
[Source "ChessBase"]
[SourceQuality "1"]

{[%evp 9,109,7,15,-2,11,0,39,27,55,58,77,71,88,45,80,79,77,72,85,75,263,67,71,50,337,45,45,0,145,139,198,107,107,-150,-155,-301,-296,-404,60,-608,-582,-523,0,0,0,-4,-7,0,0,0,3,3,5,0,5,0,6,12,44,-38,29,29,49,0,0,0,0,0,0,0,0,0,89,0,0,0,0,0,0,0,0,0,0,0,0,0,990,8,8,8,319,319,312,283,29983,29984,29987,29988,29988,29989,29994,29995]} 1. e4 e6 2. d4 d5 3. e5 c5 4. c3 Ne7 5. Nf3 Nec6 6. h4 {C02: French: Advance Variation.} (6. Bd3 b6 7. O-O a5 8. a4 Ba6 9. Bb5 Be7 10. Na3 O-O 11. Be3 cxd4 12. cxd4 Nb4 13. Rc1 Ra7 14. Qe2 Rc7 15. Bxa6 N8xa6 {1-0 (60) Shirov,A (2643)-Demidov,M (2520) St Petersburg 2018}) 6... b6 {[#]} 7. Na3 $146 ({Predecessor:} 7. h5 Be7 8. Rh3 O-O 9. Rg3 Kh8 10. Ng5 h6 11. Nh3 Ba6 12. Qg4 Rg8 13. Nd2 Bxf1 14. Kxf1 {½-½ (30) Prie,E (2490)-Sharif,M (2481) France 2001}) 7... h6 8. Rh3 {White is slightly better.} a5 9. Nb5 Ba6 10. Bf4 Qd7 11. a4 cxd4 12. Nfxd4 Nxd4 13. cxd4 Bb4+ 14. Bd2 Nc6 $2 (14... O-O $16) 15. Rc1 $2 (15. Bxb4 $18 Nxb4 16. Nd6+ Kf8 17. Rc3) 15... O-O $14 16. Rg3 Rac8 $2 {[%mdl 8192]} (16... f6 $14) 17. Bxb4 $2 ({Only move:} 17. Nc3 $1 $18 Bxc3 18. Rcxc3 Nxd4 19. Bxa6 Rxc3 20. bxc3) 17... Nxb4 {[%cal Bc6b4,Bb4c2,Bc2d4,Bd4f5][%mdl 32]} 18. Rcc3 Bxb5 (18... Na2 $11 19. Qd2 f5) 19. Bxb5 $16 Qe7 (19... Qd8 $16) 20. Qg4 ({White should play} 20. Qc1 $1 $18 Rxc3 21. bxc3) 20... f5 21. Qg6 $2 {[%mdl 8192]} (21. exf6 $1 $16 {is forced if you want to stay better.} Qxf6 22. Rgf3) 21... Nc2+ $17 {[%mdl 64] Double Attack} 22. Kd2 (22. Kf1 $17) 22... Nxd4 $19 23. Qxh6 f4 $2 {[#]} (23... Rxc3 $19 24. bxc3 Nxb5 25. axb5 f4) 24. Rg5 $2 {[%mdl 8192]} (24. Bd3 $1 $14 {[%mdl 512]} Nf5 25. Rxg7+ $1 {[%mdl 512]} Qxg7 26. Qxe6+ {[%mdl 64] Double Attack} Qf7 27. Bxf5 Rxc3 28. Kxc3 (28. bxc3 Kg7 $11)) 24... Rxc3 25. bxc3 Nf5 $2 (25... Nxb5 $19 26. Qg6 Nc7) 26. Qg6 $11 Nxh4 27. Qh5 Rf5 28. Rxf5 Nxf5 29. Bd3 $1 Qf7 30. Qg5 {With the idea Qd8+.} Ne7 31. Qh4 g6 32. Ke2 Kg7 33. Kf3 Nf5 (33... Nc6 {keeps more tension.} 34. Qg5 d4 35. cxd4 Nxd4+ 36. Kg4 f3) 34. Qxf4 ({White should try} 34. Qd8 $14) 34... Qe7 (34... Qc7 $15 35. c4 dxc4 36. Qxc4 Qxe5) 35. Bxf5 gxf5 {[%mdl 4096] Endgame KQ-KQ} 36. Qg3+ (36. g4 $5 {[%cal Rg4f5]} Kg6 37. gxf5+ exf5 38. Qd4 $14) 36... Kf7 37. Qh2 Kg7 38. Qh5 Qc5 39. Qg5+ Kh7 40. Qh4+ Kg7 {[#]} (40... Kg6 $11 41. Qf6+ {[%mdl 64] Double Attack} Kh7) 41. Qf6+ (41. Kf4 $1 $16 {Strongly threatening Qf6+.} Qc8 42. Qf6+ Kh7 43. Qf7+ Kh6 44. f3) 41... Kh7 42. Qf7+ Kh8 43. Qxe6 {And now Qf6+ would win.} Qxc3+ 44. Kf4 Qd2+ $1 {[%mdl 64] Double Attack} 45. Kxf5 Qxf2+ {[%mdl 64] Double Attack} 46. Kg6 {Intending Qe8+ and mate.} Qxg2+ 47. Kf7 {[%cal Re6h6]} Qg7+ 48. Ke8 {Threatens to win with Qh3+.} d4 {( -> ...Qg8+)} 49. Qh3+ Kg8 $2 {[%mdl 8192] [#]} (49... Qh7 $11 50. Qf3 Qg8+ 51. Kd7 Qg7+ 52. Kd6 d3) 50. e6 $1 $18 {[%cal Re6e7]} Qg6+ 51. Kd7 d3 $2 (51... Qe4 $18 52. Qg3+ Kh7) 52. e7 {White mates.} d2 53. Qb3+ Kg7 54. e8=Q Qg4+ 55. Kc7 {Weighted Error Value: White=0.53/Black=0.81} 1-0

[Event "EOBCC TOP16 2020"]
[Site "Online"]
[Date "2020.12.19"]
[Round "1.3"]
[White "Petrosyan, Manuel"]
[Black "Hovhannisyan, Robert"]
[Result "1-0"]
[WhiteElo "2628"]
[BlackElo "2642"]
[Annotator "TA"]
[PlyCount "99"]
[EventDate "2020.12.18"]
[EventType "k.o."]
[EventCountry "NET"]
[SourceTitle "playchess.com"]
[Source "ChessBase"]
[SourceQuality "1"]

{[%evp 9,99,15,21,8,15,0,16,-4,0,-8,0,-3,0,-8,-7,-34,-13,-12,-16,-27,-15,-15,-14,-22,-17,-51,-16,-59,-67,-66,0,0,0,0,0,0,0,0,0,0,0,0,0,-6,-3,-7,0,0,0,0,0,0,5,0,0,0,0,0,8,10,21,13,20,19,516,525,510,188,1035,937,29982,29983,29986,29987,29987,29987,29988,29985,29988,29989,29989,29990,29992,29993,29994,29995,29995,29996,29996,29997,29997,29998]} 1. Nf3 d5 2. g3 Bg4 3. Bg2 e6 4. O-O Nf6 5. h3 Bh5 6. d3 {A07: Réti Opening: New York and Capablanca Systems.} Be7 7. c4 $5 {[%mdl 4] Exploring less charted territory.} c6 8. cxd5 {The position is equal.} cxd5 9. Qb3 Bxf3 10. Bxf3 Qd7 {[#]} 11. e4 $146 ({Predecessor:} 11. Be3 O-O 12. Rc1 Nc6 13. Nd2 a5 14. a4 Ne8 15. Bc5 Bxc5 16. Rxc5 Nd6 17. e3 {½-½ (41) Aronian,L (2774)-Meier,G (2621) Karlsruhe/Baden-Baden 2017}) 11... Nc6 12. Be3 O-O 13. Bg2 Rfd8 14. Nd2 h6 {aiming for ...d4.} 15. Nf3 dxe4 16. dxe4 Nxe4 17. Rfd1 Qc7 (17... Nd6 {feels hotter.} 18. Bf4 Rac8 19. Ne5 Nxe5 20. Bxe5 b6) 18. Rxd8+ Rxd8 19. Rc1 Qb8 (19... Qd7 $1 $15) 20. Ne1 $11 Nf6 21. Bxc6 bxc6 22. Qxb8 Rxb8 23. Nd3 Nd5 24. Rxc6 Nxe3 25. fxe3 {[%mdl 4096] Endgame KRB-KRN} Bf6 26. Rc2 Rd8 27. Nf2 Be5 28. g4 f5 29. Kg2 Kf7 30. Kf3 Kf6 31. b3 Rd6 32. Ke2 Bg3 33. Nd3 fxg4 34. hxg4 Kg5 35. Rc4 Ra6 36. a4 {[%cal Ba2a4,Ba4a5][%mdl 32] Black should prevent Nc5.} g6 $2 {[%mdl 8192] [#] A mistake that costs the game.} (36... Bd6 $11 {and Black stays safe.}) 37. Nc5 $1 $18 {[%cal Rc5a6]} Rb6 38. b4 $2 (38. Kf3) 38... Bd6 $2 (38... Kh4 39. a5 Rb8) 39. a5 Bxc5 40. Rxc5+ {White mates.} ({Stronger than} 40. bxc5 Rc6 $11) 40... Kxg4 41. axb6 axb6 {[#] KR-KP} 42. Rc6 $1 h5 43. Rxe6 g5 44. Rxb6 {KR-KPP} h4 45. b5 Kg3 46. Rh6 g4 47. b6 h3 48. b7 Kg2 49. b8=Q g3 {[#]} 50. Rg6 $1 {Weighted Error Value: White=0.12/Black=0.37} 1-0

[Event "EOBCC TOP16 2020"]
[Site "Online"]
[Date "2020.12.19"]
[Round "1.3"]
[White "Indjic, Aleksandar"]
[Black "Ozen, Deniz"]
[Result "1-0"]
[WhiteElo "2604"]
[BlackElo "2412"]
[Annotator "TA"]
[PlyCount "101"]
[EventDate "2020.12.18"]
[EventType "k.o."]
[EventCountry "NET"]
[SourceTitle "playchess.com"]
[Source "ChessBase"]
[SourceQuality "1"]

{[%evp 9,100,0,0,-51,14,12,14,12,14,18,40,12,43,0,0,0,0,0,0,0,27,0,2,0,26,20,56,58,51,16,15,20,22,0,0,0,0,0,0,0,0,0,15,11,37,33,93,99,147,147,136,118,135,129,242,233,240,220,345,254,289,268,339,277,380,362,406,341,499,507,500,507,507,494,476,467,519,494,950,908,981,952,942,890,29996,410,5497,5535,29997,29998,29998,29999,29999]} 1. Nf3 d5 2. d3 Nf6 3. c4 c6 4. Qa4 Nbd7 5. cxd5 cxd5 {[#]} 6. g3 $146 {A06: Réti Opening: 1 Nf3 d5.} (6. Nc3 $11) ({Predecessor:} 6. Nc3 a6 7. g4 h6 8. Rg1 e6 9. h4 h5 10. g5 Ng4 11. g6 fxg6 12. Bh3 {½-½ (66) Sychev,K (2563)-Smirin,I (2607) Moscow 2019}) 6... g6 ({Black should play} 6... e5 $15) 7. Bg2 Bg7 8. O-O {The position is equal.} O-O 9. Nc3 e5 10. Bg5 d4 11. Ne4 h6 12. Nxf6+ Nxf6 13. Bxf6 Bxf6 14. Nd2 Be6 15. h4 Qb6 16. Rab1 Be7 17. Nc4 Qc7 18. Rfc1 Rfc8 19. a3 a6 20. Qa5 Bxc4 21. Qxc7 (21. Qd2 {looks sharper.} e4 22. Qxh6 Qe5 23. Rxc4 Rxc4 24. dxc4 Rc8 25. Rc1) 21... Rxc7 22. Rxc4 Rxc4 23. dxc4 $11 {[%mdl 4096] Endgame KRB-KRB} Rb8 24. b4 b6 25. Bd5 Bd6 26. Kg2 Kf8 27. h5 g5 (27... Kg7 $14) 28. g4 $16 {White stays focused until the end.} Ke7 29. Kf3 Kf6 30. Ke4 Bc7 31. e3 dxe3 (31... Bd6 $16 32. exd4 exd4 33. Kxd4 Bc5+ 34. Ke4 Bd6) 32. fxe3 $18 Ke7 33. Rf1 f6 (33... Rf8 $142 34. c5 a5 35. bxa5 bxa5) 34. Rc1 Bd6 35. Kf5 Rc8 36. Rb1 Rc7 37. a4 Rc8 38. Kg6 Rd8 (38... e4 $142 39. Kxh6 f5 40. Kxg5 fxg4 41. Kxg4 Rh8) 39. Kxh6 f5 {intending ...Kf6.} 40. Kxg5 fxg4 41. Kxg4 e4 42. h6 Rh8 43. Kh5 Kf6 (43... Be5 $142 44. Bxe4 Bc3) 44. Rf1+ Ke5 45. Kg6 {[%csl Gg6][%cal Rf1f5] [#]} Bxb4 46. h7 {Intending Rf6 and mate.} Bc3 47. Rc1 (47. Rf6 $142 Re8 48. h8=Q Rg8+ 49. Bxg8 Be1 50. Rxb6#) 47... Bb2 (47... Bd2 $142) 48. Rb1 Bc3 49. Rxb6 {[%csl Gd5][%cal Rb6e6] White mates.} Re8 {[#]} 50. h8=Q+ $1 {[%mdl 64] Deflection} Rxh8 51. Re6# {Weighted Error Value: White=0.34/Black=0.60} 1-0

[Event "EOBCC TOP16 2020"]
[Site "Online"]
[Date "2020.12.19"]
[Round "1.3"]
[White "Safarli, Eltaj"]
[Black "Navara, David"]
[Result "0-1"]
[WhiteElo "2598"]
[BlackElo "2697"]
[Annotator "TA"]
[PlyCount "96"]
[EventDate "2020.12.18"]
[EventType "k.o."]
[EventCountry "NET"]
[SourceTitle "playchess.com"]
[Source "ChessBase"]
[SourceQuality "1"]

{[%evp 12,96,0,0,8,-11,0,-19,93,76,77,66,56,62,77,91,97,90,84,98,95,86,79,89,78,68,59,63,70,29,39,0,0,0,0,0,0,-31,12,6,12,-91,0,0,115,115,115,115,115,115,200,120,136,129,129,131,177,32,59,0,20,0,0,0,0,-37,0,-8,-8,-32,-8,-8,-8,-8,0,-6,0,-34,-29,-65,-66,-248,-272,-893,-957,-972,-928]} 1. e4 c6 2. d4 d5 3. exd5 cxd5 4. c4 Nf6 5. Nc3 Nc6 6. Bg5 Be6 7. Be2 Qa5 $1 {B13: Caro-Kann: Exchange Variation and Panov-Botvinnik Attack.} ({Don't blunder} 7... dxc4 $2 8. Bxf6 exf6 9. d5 $18) 8. Nf3 dxc4 9. O-O {[#]} g6 $1 $146 {[%mdl 8] A top novelty.} (9... Rd8 $11 {keeps the balance.}) ({Predecessor:} 9... Rd8 10. Re1 h6 11. Be3 g5 12. Nd2 Bg7 13. Bxc4 Bxc4 14. Nxc4 Qa6 15. b3 b5 {½-½ (33) Safarli,E (2641)-Tabatabaei,M (2509) Bandar e Anzali 2017}) 10. Bxf6 $16 exf6 11. d5 {[%mdl 64] Double Attack} O-O-O $1 {[%cal Re6d5]} 12. Bxc4 {Hoping for Qb3.} Bg4 13. h3 Ne5 {And now ...Bxf3 would win.} 14. hxg4 Nxc4 15. Qd4 Ne5 16. Nxe5 fxe5 17. Qxe5 Bd6 18. Qf6 Qb4 19. Qxf7 Kb8 20. Qf3 h5 21. gxh5 Rxh5 {...Qh4 is the strong threat.} 22. g3 $1 Rdh8 $1 23. Rae1 Qxb2 {aiming for ...Rh1+!} 24. Ne4 (24. Re6 $5 {[%cal Re6d6]}) 24... Qe5 {White should prevent ...Bb4.} (24... Bb4 $5 {[%cal Rb4e1]} 25. Rd1 Qe5 $11) 25. Nxd6 Qxd6 26. Rd1 {[#]} (26. Re2 $11) 26... a6 ({Black should try} 26... g5 $1 $17 {Strongly threatening ...Qg6.} 27. Qf5 a6) 27. Rfe1 $36 {[%mdl 2048] Black is under pressure.} g5 (27... Qd7 $11 {remains equal.}) 28. Re8+ $1 $16 {[%mdl 64] Deflection} Rxe8 29. Qxh5 {[%mdl 4160] Endgame Double Attack. KQR-KQR} Re5 30. Qf7 Re2 (30... Ka7 $16 31. Qf3 b5) 31. Rb1 {[%csl Gb1][%cal Rf7b7]} Qc7 32. Qg8+ Ka7 33. Qxg5 Qc5 {[#]} 34. Qf4 ({Better is} 34. Qf5 $1 $18) 34... Qxd5 $14 35. a4 (35. Qb4 $1 $14) 35... Re4 36. Qf6 Rxa4 37. Qb6+ Kb8 38. Rc1 Rc4 39. Re1 Rc8 {Threatens to win with ...Rh8.} 40. Qb4 Rh8 {[%csl Gd5][%cal Rh8h1]} 41. Qf4+ Ka8 {[%csl Gd5][%cal Rh8h1]} 42. Qe4 Qh5 43. Qg2 a5 {[%cal Ba6a5,Ba5a4,Ba4a3][%mdl 32]} 44. Rb1 {[%csl Gb1][%cal Rg2b7]} (44. g4 {looks sharper.} Qc5 45. Qe4 Ka7 46. Kg2 b5 47. f4) 44... Rh7 45. Ra1 Ka7 46. Rc1 $2 (46. Rf1 $1 $15) 46... a4 $19 47. Ra1 $2 (47. Rf1) 47... b5 48. Re1 a3 {What a bad dream for White.  Weighted Error Value: White=0.38/Black=0.23} 0-1

[Event "EOBCC TOP16 2020"]
[Site "Online"]
[Date "2020.12.19"]
[Round "1.3"]
[White "Pantsulaia, Levan"]
[Black "Yilmaz, Mustafa"]
[Result "1-0"]
[WhiteElo "2553"]
[BlackElo "2630"]
[Annotator "TA"]
[PlyCount "73"]
[EventDate "2020.12.18"]
[EventType "k.o."]
[EventCountry "NET"]
[SourceTitle "playchess.com"]
[Source "ChessBase"]
[SourceQuality "1"]

{[%evp 11,73,10,18,-10,0,0,0,0,0,0,-3,0,8,0,0,0,0,-11,4,0,18,24,20,-49,0,0,0,-64,-78,-68,-71,-59,-58,-40,-9,-5,-4,-95,27,-25,-25,-25,-29,-39,-21,-21,-21,-414,-402,-404,-122,-128,-140,-115,6,0,44,23,56,0,3,10,5022,3271]} 1. g3 g6 2. Bg2 Bg7 3. Nf3 d5 4. O-O e5 5. d3 Nc6 6. e4 Nge7 7. c3 {7.exd5 is the modern continuation. A07: Réti Opening: New York and Capablanca Systems.} a5 8. a4 O-O 9. Na3 {The position is equal.} h6 10. Qc2 Be6 11. Nb5 Qd7 12. b3 {[#]} Rfd8 $146 ({Predecessor:} 12... Rfe8 13. Re1 Rad8 14. Ba3 g5 15. h4 g4 16. Nd2 f5 17. Rad1 f4 18. exd5 Nxd5 {1-0 (41) Pantsulaia,L (2612)-Ding,L (2777) Riadh 2017}) 13. Ba3 Rac8 14. Rfe1 Kh7 15. Rad1 d4 16. cxd4 exd4 17. Rc1 ({White should try} 17. Nd2 $11) 17... Nb4 18. Bxb4 axb4 19. Nxc7 (19. e5 $1 $11) 19... b6 $15 20. h4 Qd6 21. e5 Qd7 {aiming for ...Nd5.} 22. Nd2 Nd5 (22... Bd5 $5 23. Ne4 Bxe4 24. Rxe4 Nd5 25. Rxd4 Rxc7 $17) 23. Bxd5 Bxd5 24. Ne4 (24. a5 $1 $11 {keeps the balance.}) 24... Qf5 ({Much worse is} 24... Bxe5 $6 25. Nxd5 $1 {[%mdl 512]} Qxd5 26. Qb1 $11) (24... Bxe4 $17 25. Rxe4 Re8 {[%mdl 64] Pin}) 25. Qe2 (25. Qd2 $142 Bxe4 26. Rxe4 Bxe5 27. Nb5) 25... Bxe4 $11 26. dxe4 Qxe5 27. f4 $1 {[%cal Rf4e5]} ({Don't go for} 27. Nd5 $2 Rxc1 28. Rxc1 Rxd5 $19) 27... d3 28. fxe5 dxe2 29. Rxe2 $2 {[%mdl 8192]} (29. Nd5 $11) 29... Bxe5 $19 {[%mdl 64] Double Attack} 30. Rec2 {intending Nd5.} Bxg3 $2 (30... Rd3 $19 {is more deadly.} 31. Nd5 Rxc2 32. Rxc2 Rxb3) 31. Nd5 $17 Rxc2 32. Rxc2 {[#] KRB-KRN} Be5 (32... Rd6 $1 $17 33. Kg2 Bxh4) 33. Kg2 Bd4 34. Rc7 {[%mdl 1024] White has compensation.} Kg8 35. Rb7 ({White should play} 35. Rc4 $14 Bc3 36. Rc6) 35... Re8 36. Kf3 Rc8 $2 {[%mdl 8192]} (36... Re6 $11) 37. Ne7+ {[%mdl 64] Double Attack.  Weighted Error Value: White=0.34/Black=0.37} 1-0

[Event "EOBCC TOP16 2020"]
[Site "Online"]
[Date "2020.12.19"]
[Round "1.4"]
[White "Navara, David"]
[Black "Safarli, Eltaj"]
[Result "1-0"]
[WhiteElo "2697"]
[BlackElo "2598"]
[Annotator "TA"]
[PlyCount "77"]
[EventDate "2020.12.18"]
[EventType "k.o."]
[EventCountry "NET"]
[SourceTitle "playchess.com"]
[Source "ChessBase"]
[SourceQuality "1"]

{[%evp 9,77,22,22,20,24,25,27,23,15,25,19,11,17,24,30,41,28,19,38,51,41,41,142,158,140,121,122,70,79,37,41,31,35,36,63,52,42,23,14,0,9,9,130,130,121,120,107,109,174,178,172,164,175,182,181,3,486,482,477,473,492,495,489,481,1430,1200,1761,1675,29990,29991]} 1. d4 Nf6 2. c4 e6 3. Nc3 Bb4 4. Qc2 b6 5. e4 c5 6. d5 {E32: Nimzo-Indian: Classical (4 Qc2): 4...0-0.} Qe7 7. Nge2 exd5 8. exd5 {White has an edge.} O-O 9. Bd2 d6 10. O-O-O Ng4 11. Be1 Qg5+ 12. Qd2 Qxd2+ 13. Kxd2 {[#]} Re8 $146 ({Predecessor:} 13... Ba6 14. a3 Ba5 15. Rb1 b5 16. cxb5 Bb7 17. h3 Nf6 18. Kc2 Nbd7 19. Ng3 Bc7 20. Rd1 Nb6 21. Be2 Rae8 22. Bf3 Re5 23. Bd2 Nbxd5 24. Nxd5 {½-½ (24) Akshat,K (2398)-Lux,H (2231) Paris 2019}) 14. a3 Ba5 15. Ng3 Ba6 {[#]} ({Black should try} 15... f5 $14) 16. Nf5 $1 $16 Rd8 17. Kc2 g6 18. h3 (18. f3 $16) 18... Nf6 $14 19. Ne3 Nbd7 20. Rb1 {Strongly threatening b4.} Bxc3 21. Bxc3 Ne4 22. Be1 Re8 23. Bd3 f5 24. g4 f4 25. Ng2 $1 g5 (25... Nef6 $11 {keeps the balance.}) 26. h4 $16 h6 27. hxg5 hxg5 28. f3 Ng3 (28... Nef6 $16) 29. Bxg3 $18 fxg3 {[#]} 30. Rh5 $1 {Threatens to win with Rbh1.} Re5 31. Rbh1 $36 {[%mdl 2048] Keeping Black busy.} Rf8 32. Bf5 $2 (32. Rh7 $18 Rf7 33. Rh8+ Kg7 34. R1h7+ Kf6 35. Rh3) 32... Nf6 $2 {[%mdl 8192] This costs Black the game.} (32... Re2+ $11 {and Black is okay.} 33. Kd3 Bxc4+ 34. Kxc4 Ne5+ 35. Kc3 Rxg2 36. Rxg5+ Kf7) 33. Rxg5+ Kf7 {White must now prevent ...Re2+.} 34. Be6+ Ke8 35. Rxe5 dxe5 36. g5 Ne4 (36... Bxc4 $142 37. gxf6 Rxf6) 37. g6 {aiming for g7.} Nd6 38. g7 {Rh8! would kill now.} Bxc4 {[#]} 39. Rh8 $1 {[%mdl 576] Pin.  Weighted Error Value: White=0.17/Black=0.57} 1-0

[Event "EOBCC TOP16 2020"]
[Site "Online"]
[Date "2020.12.19"]
[Round "1.4"]
[White "Yilmaz, Mustafa"]
[Black "Pantsulaia, Levan"]
[Result "1-0"]
[WhiteElo "2630"]
[BlackElo "2553"]
[Annotator "TA"]
[PlyCount "59"]
[EventDate "2020.12.18"]
[EventType "k.o."]
[EventCountry "NET"]
[SourceTitle "playchess.com"]
[Source "ChessBase"]
[SourceQuality "1"]

{[%evp 19,59,42,40,43,46,45,45,45,45,41,54,40,41,54,96,89,161,122,142,111,129,51,182,206,245,227,299,306,512,482,441,332,500,545,821,792,792,772,771,750,5785,2889]} 1. d4 Nf6 2. c4 g6 3. Nc3 Bg7 4. e4 O-O 5. Be2 c5 6. d5 d6 7. Nf3 e6 8. O-O exd5 9. exd5 Re8 10. h3 (10. Bf4 Ne4 11. Nxe4 Rxe4 12. Bg5 Qb6 13. Bd3 Re8 14. Re1 Bd7 15. Rxe8+ Bxe8 16. Qe2 Nd7 17. Bf4 a5 18. Rb1 a4 19. h3 Qc7 20. Re1 Nf6 21. Qd2 Bd7 22. Bh6 Bxh6 23. Qxh6 {½-½ (49) Yilmaz,M (2640)-Pantsulaia,L (2585) Kocaeli 2017}) 10... Bf5 11. Bd3 {Black must now prevent Bxf5. E91: King's Indian: Classical: 6 Be2, unusual replies including 6...c5 and 6...Bg4.} Ne4 12. Nxe4 Bxe4 13. Bxe4 {White is slightly better.} Rxe4 14. Qc2 Re8 15. Bf4 Qb6 16. Qa4 {[#]} Na6 $146 ({Predecessor:} 16... Rd8 17. Bg5 f6 18. Bh4 Nd7 19. Rab1 Qb4 20. Qc2 Re8 21. a3 Qa5 22. Rfe1 Rxe1+ 23. Rxe1 {1-0 (57) Gadzinskiy,J-Dreisch,J (2031) ICCF email 2017}) 17. Rae1 Rf8 (17... Red8 $16) 18. Re3 h6 19. h4 Rad8 20. Rfe1 (20. Re2 $16) 20... Qb4 {[#] A mistake that costs the game.} ({Better is} 20... Qxb2 $14 21. a3 Nb8) 21. Qc2 $1 $18 b5 {[#]} 22. b3 $1 {[%cal Bb2b3,Bb3c4][%mdl 32]} bxc4 23. bxc4 (23. Qxc4 Nc7 $14) 23... Nc7 $2 (23... Qb2 {was worth a try.} 24. Qxb2 Bxb2 25. Bxh6 Bg7) 24. Rb1 Qa5 25. Rb7 Na8 (25... Rfe8 $142 26. Re4 Qc3 27. Qxc3 Bxc3 28. Rxe8+ Nxe8 29. Bxh6 (29. Rxa7 Kg7 $18) 29... Nf6) 26. Ree7 {White is clearly winning.} Nb6 {[#]} 27. Qxg6 $1 {[%cal Re7f7][%mdl 576] Double Attack, Pin} Rd7 (27... fxg6 28. Rxg7+) 28. Rexd7 Nxd7 29. Qg3 Nb6 30. Bxd6 {Weighted Error Value: White=0.15/Black=0.63} 1-0